Responses for Show #3341 - Monday, March 1, 1999

1999-A Teen Tournament semifinal game 1.

Contestants

[<< previous game]

Oliver Longwell, a junior from Sag Harbor, New York

Melissa Sexstone, a senior from East Syracuse, New York

Sam Sanker, a sophomore from North Bergen, New Jersey

[next game >>]

Jeopardy! Round responses

REALLY BAD DATES
FAMOUS FACES
ORIGINS
BASEBALL '98
HUMAN ANATOMY 101
AS MOM SAYS...
    $100 21
Napoleon

Sam
    $100 16
Jacqueline Kennedy Onassis

Sam
    $100 26
(Sam: What is the tangerine?)

Peach

SamMelissa
    $100 1
(Sam: What are runs batted in?)

walks

SamOliver
    $100 6
the heart

Sam
    $100 11
you can chew

Melissa
    $200 22
Hurricane Mitch

Oliver
    $200 17
Andrew Jackson

Oliver
    $200 27
lace

Melissa
    $200 2
San Diego Padres

Sam
    $200 7
3

Oliver
    $200 12
before they hatch

Melissa
    $300 23
(Sam: What is Germany?)

Sweden

Sam
Triple Stumper
    $300 18
Margaret Thatcher

Oliver
    $300 28
(Oliver: What is a watch?)
(Melissa: What is a grandfather clock?)

the cuckoo clock

MelissaOliver
Triple Stumper
    $300 3
Ken Griffey, Jr.

Oliver
    $300 8
the skin

Sam
    $300 13
has a silver lining

Oliver
    $800 24
(Oliver: What is Mexico City?)

London

Oliver
    $400 19
Cheech Marin

Sam
    $400 29
Jigsaw puzzles

Melissa
    $400 4
Joe Torre

Sam
    $400 9
the retina

Melissa
    $400 14
what the right hand is doing

Sam
    $500 25
India

Triple Stumper
    $500 20
(Sam: Who was Jerry Springer?)

Matt Lauer

Sam
Triple Stumper
    $500 30
Alessandro Volta

Triple Stumper
    $500 5
Barry Bonds

Sam
    $500 10
the tibia

Melissa
    $500 15
in a round hole (or in a circular hole)

Sam

Scores at the first commercial break (after clue 15):

Sam Melissa Oliver
$2,300 $1,200 $900

Scores at the end of the Jeopardy! Round:

Sam Melissa Oliver
$2,000 $1,600 $500

Double Jeopardy! Round responses

SHAKESPEARE IN LOVE
(Alex: Hey, that's in the news these days!)
COLLEGE TOWNS
FANTASTIC VOYAGES
COLORFUL WORDS & PHRASES
BROADCAST
CABLE
    $200 6
Romeo and Juliet

Sam
    $200 1
New Haven, Connecticut

Oliver
    $200 26
Leif Ericson

Sam
    $200 15
the greyhound

Melissa
    $200 21
NBC

Oliver
    $200 7
elevators

Oliver
    $400 12
(Sam: What is April?)

May

SamOliver
    $400 2
Washington, D.C.

Oliver
    $400 27
Christopher Columbus

Oliver
    $400 16
(Melissa: What is marine?)

aquamarine

MelissaOliver
    $400 22
CBS

Sam
    $400 8
Ireland

Sam
    $600 13
(Oliver: What is The Taming of the Shrew?)

The Tempest

Oliver
    $600 3
Providence, Rhode Island

Oliver
    $600 28
(Melissa: Who was Magellan?)

Sir Francis Drake

Melissa
Triple Stumper
    $600 17
a red herring

Melissa
    $600 23
Warren G. Harding

Oliver
    $600 9
cable cars

Sam
    $800 14
A Midsummer Night's Dream

Melissa
    $800 4
(Melissa: What is New York City?)

Pittsburgh

MelissaOliver
    $900 29
(Oliver: Who was Captain Cook?)

William Bligh

Oliver
    $800 18
a green-eyed monster

Triple Stumper
    $800 24
Voice of America

Oliver
    $800 10
the spinal cord

Melissa
    $1000 20
(Sam: What is The Merchant of Venice?)

Twelfth Night

Sam
Triple Stumper
    $1000 5
(Alex: Oliver, you've obviously been applying to a lot of colleges!)

Durham, North Carolina

Oliver
    $1000 30
Giovanni da Verrazzano

Sam
    $1000 19
"The Black Circle"

Sam
    $1000 25
Home Shopping Network

Oliver
    $1000 11
a suspension bridge

Sam

Scores at the end of the Double Jeopardy! Round:

Sam Melissa Oliver
$5,400 $2,200 $6,000

[wagering suggestions for these scores]

Final Jeopardy! Round responses

ANIMALS
MelissaWhat were llamas?
$1,000
Sam[What is a llama?] What is a llama?
$5,400
OliverWhat are Donkeys
$4,801
Bison (of North America)

Final scores:

Sam Melissa Oliver
$0 $1,200 $1,199
3rd place: $5,000 Finalist 2nd place: $5,000

Game dynamics:

Coryat scores:

Sam Melissa Oliver
$5,400 $2,200 $8,300
18 R,
6 W
11 R,
4 W
20 R,
4 W
(including 3 DDs)

Combined Coryat: $15,900

[game clues] [game scores] [suggest correction]

Game tape date: Unknown
The J! Archive is created by fans, for fans. Scraping, republication, monetization, and malicious use prohibited; this site may use cookies and collect identifying information. See terms. The Jeopardy! game show and all elements thereof, including but not limited to copyright and trademark thereto, are the property of Jeopardy Productions, Inc. and are protected under law. This website is not affiliated with, sponsored by, or operated by Jeopardy Productions, Inc. Join the discussion at JBoard.tv.